ՀՀ Գիտությունների ազգային ակադեմիայի հիմնարար գիտական գրադարան  =   Fundamental Scientific Library of NAS RA

Նավը ուռկանի մեջ : (Record no. 92408)

MARC details
000 -LEADER
fixed length control field 00716nam a2200181 a 4500
001 - CONTROL NUMBER
control field 000256640
003 - CONTROL NUMBER IDENTIFIER
control field AM-YeHGA
005 - DATE AND TIME OF LATEST TRANSACTION
control field 20250618071725.0
008 - FIXED-LENGTH DATA ELEMENTS--GENERAL INFORMATION
fixed length control field 030829s1976 ai 000 | arm d
040 ## - CATALOGING SOURCE
Original cataloging agency AM-YeHGA
090 ## - LOCALLY ASSIGNED LC-TYPE CALL NUMBER (OCLC); LOCAL CALL NUMBER (RLIN)
-- 93707
100 1# - MAIN ENTRY--PERSONAL NAME
Personal name Ավագյան, Արևշատ Խոսրովի,
Dates associated with a name 1940-
9 (RLIN) 970
245 10 - TITLE STATEMENT
Title Նավը ուռկանի մեջ :
Remainder of title [Բանաստեղծություններ; Պոեմներ] /
Statement of responsibility, etc. Ա.Խ. Ավագյան; Խմբ.՝ Մ.Դ. Սարգսյան.
260 ## - PUBLICATION, DISTRIBUTION, ETC.
Place of publication, distribution, etc. Երևան :
Name of publisher, distributor, etc. Հայաստան,
Date of publication, distribution, etc. 1976.
300 ## - PHYSICAL DESCRIPTION
Extent 258 էջ ;
Dimensions 14 սմ.
650 14 - SUBJECT ADDED ENTRY--TOPICAL TERM
Topical term or geographic name entry element Հայ գրականություն
General subdivision Պոեզիա
700 1# - ADDED ENTRY--PERSONAL NAME
Personal name Սարգսյան, Մկրտիչ Դիվինի,
Dates associated with a name 1924-2002
Relator term խմբ.
Relationship edt
9 (RLIN) 1063
Holdings
Withdrawn status Lost status Damaged status Not for loan Collection Home library Current library Date acquired Total checkouts Full call number Barcode Date last seen Cost, replacement price Price effective from Koha item type Public note
        General Fundamental Scientific Library Fundamental Scientific Library 22/12/2016   AI/14191 FL0053864 22/12/2016 71.00 22/12/2016 Գրքեր / Books 30 Days Loan
        General Fundamental Scientific Library Fundamental Scientific Library 22/12/2016   AI/14192 FL0053865 22/12/2016 71.00 22/12/2016 Գրքեր / Books 30 Days Loan
        General Fundamental Scientific Library Fundamental Scientific Library 22/12/2016   AI/14193 FL0053866 22/12/2016 71.00 22/12/2016 Գրքեր / Books 30 Days Loan


ՀՀ ԳԱԱ հիմնարար գիտական գրադարան
ՀՀ,Երևան 0019
Մարշալ Բաղրամյան 24/6
հեռախոս:(374-10) 52-47-50
Հետադարձ կապ

All site content, except where otherwise noted, is licensed under a
Creative Commons License